ARRUPE JESUIT UNIVERSITY

CORONAVIRUS -STOP THE SPREAD - CLEAN,DISINFECT,COVER

Mission Trends no.4 / (Record no. 117994)

MARC details
000 -LEADER
fixed length control field 00802cam a2200265 i 4500
001 - CONTROL NUMBER
control field 2739454
003 - CONTROL NUMBER IDENTIFIER
control field ARRUPE
005 - DATE AND TIME OF LATEST TRANSACTION
control field 20130924170719.0
008 - FIXED-LENGTH DATA ELEMENTS--GENERAL INFORMATION
fixed length control field 790529s1979 nyu b 000 0 eng
010 ## - LIBRARY OF CONGRESS CONTROL NUMBER
LC control number 78070827
020 ## - INTERNATIONAL STANDARD BOOK NUMBER
International Standard Book Number 0809121859 :
Terms of availability $3.45
040 ## - CATALOGING SOURCE
Original cataloging agency DLC
Transcribing agency DLC
Modifying agency DLC
050 00 - LIBRARY OF CONGRESS CALL NUMBER
Classification number BT83.57
Item number .L48
082 00 - DEWEY DECIMAL CLASSIFICATION NUMBER
Classification number 261.8
300 ## - PHYSICAL DESCRIPTION
Dimensions 19 cm.
245 00 - TITLE STATEMENT
Title Mission Trends no.4 /
Statement of responsibility, etc edited by Gerald H. Anderson and Thomas F. Stransky.
260 ## - PUBLICATION, DISTRIBUTION, ETC. (IMPRINT)
Place of publication, distribution, etc New York :
Name of publisher, distributor, etc Paulist Press,
Date of publication, distribution, etc c1979.
300 ## - PHYSICAL DESCRIPTION
Extent xii, 289 p. ;
490 0# - SERIES STATEMENT
Series statement Mission trends ; no. 4
504 ## - BIBLIOGRAPHY, ETC. NOTE
Bibliography, etc Bibliography: p. 283-289.
650 #0 - SUBJECT ADDED ENTRY--TOPICAL TERM
Topical term or geographic name as entry element Liberation theology.
9 (RLIN) 1060
700 1# - ADDED ENTRY--PERSONAL NAME
Personal name Anderson, Gerald H.
9 (RLIN) 1061
700 1# - ADDED ENTRY--PERSONAL NAME
Personal name Stransky, Thomas F.
9 (RLIN) 1062
906 ## - LOCAL DATA ELEMENT F, LDF (RLIN)
a 7
b cbc
c orignew
d 2
e opcn
f 19
g y-gencatlg
942 ## - ADDED ENTRY ELEMENTS (KOHA)
Source of classification or shelving scheme Library of Congress Classification
Koha item type Monograph ( Printed materials)

No items available.

 

Arrupe Library. PO Box MP320 Mt Pleasant, Harare, Zimbabwe
263 242 745411|librarian@aju.ac.zw